| 000 | 00331nam a2200121Ia 4500 | ||
|---|---|---|---|
| 005 | 20251222153606.0 | ||
| 008 | 251222s9999||||xx |||||||||||||| ||spa|| | ||
| 020 | _a90-70831-87-2 | ||
| 082 | _a949.3/K77 | ||
| 100 | _a"Kossmann-Putto, J.A.Kossmann,E.H." | ||
| 245 | 0 | _aHistoria de los paĆses bajos del Norte y del Sur | |
| 942 | _cLIB | ||
| 999 |
_c31430 _d31430 |
||